书目信息 |
| 题名: |
利息理论
|
|
| 作者: | 熊福生 | |
| 分册: | ||
| 出版信息: | 武汉 武汉大学出版社 2004 |
|
| 页数: | 263 | |
| 开本: | 24cm | |
| 丛书名: | ||
| 单 册: | ||
| 中图分类: | F032.2 | |
| 科图分类: | ||
| 主题词: | 资本主义社会--生产方式 | |
| 电子资源: | ||
| ISBN: | 7-307-04210-X | |
| 000 | 00500nam0 2200181 450 | |
| 001 | 0760515518 | |
| 005 | 20070817164835.51 | |
| 010 | @a7-307-04210-X@d¥26.00 | |
| 100 | @a20070817d km y0chiy0120 ea | |
| 101 | 0 | @achi |
| 200 | 1 | @a利息理论@Ali xi li lun@f熊福生@Fxiong fu sheng |
| 210 | @a武汉@c武汉大学出版社@d2004 | |
| 215 | @a263@d24cm | |
| 606 | 0 | @a资本主义社会@x生产方式 |
| 690 | @aF032.2@v3 | |
| 701 | 0 | @a熊福生@Axiong fu sheng |
| 801 | 0 | @aCN@bPFT@c20070817 |
| 905 | @a213230@dF032.2@eg51@f1 | |
| 利息理论/熊福生.-武汉:武汉大学出版社,2004 |
| 263;24cm |
| ISBN 7-307-04210-X:¥26.00 |
| ● |
| 相关链接 |
|
|
|
|
正题名:利息理论
索取号:F032.2/g51
 
预约/预借
| 序号 | 登录号 | 条形码 | 馆藏地/架位号 | 状态 | 备注 |
| 1 | 6501669 | 265016699 | 密集书库-海洋学院/ [索取号:F032.2/g51] | 在馆 |